CBI cautious over manufacturing recovery (Record no. 73616)

MARC details
000 -LEADER
fixed length control field 01142cam a2200217 4500
001 - CONTROL NUMBER
control field WB394-03
008 - FIXED-LENGTH DATA ELEMENTS--GENERAL INFORMATION
fixed length control field 031021n2003 000 0 eng u
035 ## - SYSTEM CONTROL NUMBER
System control number (Sirsi) u123960
245 ## - TITLE STATEMENT
Title CBI cautious over manufacturing recovery
260 ## - PUBLICATION, DISTRIBUTION, ETC.
Date of publication, distribution, etc. 2003
490 ## - SERIES STATEMENT
Series statement CBI News Release
Volume/sequential designation 21 October 2003, (3)
520 ## - SUMMARY, ETC.
Summary, etc. CBI in its quarterly industrial trends survey said there are tentative signs of a manufacturing recovery. The survey shows that 18% of respondent firms were more optimistic than three months ago, while 25% were less optimistic. Although the balance is negative it is the best since July 2002. 20% of respondents say that they expect orders to go up over the next three months with a similar number expecting a decline which is an overall improvement on earlier surveys. For the CBI Press Release: http://www.cbi.org.uk/ndbs/press.nsf/0363c1f07c6ca12a8025671c00381cc7/95140014226eb93780256dc5002e7b76?OpenDocument
590 ## - LOCAL NOTE (RLIN)
Local note WB
650 ## - SUBJECT ADDED ENTRY--TOPICAL TERM
Topical term or geographic name entry element CBI SURVEY
650 ## - SUBJECT ADDED ENTRY--TOPICAL TERM
Topical term or geographic name entry element INDUSTRIAL TRENDS
650 ## - SUBJECT ADDED ENTRY--TOPICAL TERM
Topical term or geographic name entry element MANUFACTURING SECTOR
650 ## - SUBJECT ADDED ENTRY--TOPICAL TERM
Topical term or geographic name entry element NEW ORDERS
650 ## - SUBJECT ADDED ENTRY--TOPICAL TERM
Topical term or geographic name entry element EXPORTS
690 ## - LOCAL SUBJECT ADDED ENTRY--TOPICAL TERM (OCLC, RLIN)
Topical term or geographic name as entry element ECONOMIC ISSUES
942 ## - ADDED ENTRY ELEMENTS (KOHA)
Suppress in OPAC 0
Holdings
Withdrawn status Lost status Source of classification or shelving scheme Damaged status Not for loan Home library Current library Shelving location Date acquired Total Checkouts Full call number Barcode Date last seen Copy number Price effective from Koha item type
    Dewey Decimal Classification     London London News article 21/10/2003   WB3940-03 123960-1001 06/08/2019 1 06/08/2019 News article